000 00316 a2200109 4500
001 ART_14684
005 20260410161913.0
008 260409a
245 1 0 _aEuropean monetary arrangements
100 1 _aBalassa, Bela
773 0 _tEuropean economic review
_g- Vol. 9, NÂș 3 (ago. 1977)
_wREV13346
999 _c26984
_d26984